[Event "Steyr Landesliga 1718"]
[Site "Austria"]
[Date "2018.04.14"]
[Round "11.2"]
[White "Egger, Andreas"]
[Black "Bonstingl, Georg"]
[Result "1/2-1/2"]
[WhiteElo "2079"]
[BlackElo "2227"]
[PlyCount "82"]
[EventDate "2017.09.30"]
[EventType "team-tourn"]
[EventRounds "11"]
[EventCountry "AUT"]
[SourceTitle "EXT 2021"]
[Source "ChessBase"]
[SourceDate "2020.10.23"]
[SourceVersion "1"]
[SourceVersionDate "2020.10.23"]
[SourceQuality "1"]
[WhiteTeam "Spg ISR"]
[BlackTeam "Gamlitz"]
[WhiteTeamCountry "AUT"]
[BlackTeamCountry "AUT"]

1. c4 g6 2. g3 Bg7 3. Bg2 c5 4. e3 Nc6 5. Ne2 h5 6. h4 Nh6 7. d4 0-0 8. 0-0 d6 9. Nbc3 Bg4 10. Qc2 cxd4 11. exd4 Rc8 12. Bxh6 Bxh6 13. Be4 a6 14. f3 Bd7 15. Qd1 Qb6 16. Kg2 Bg7 17. Qd2 Qa7 18. Rad1 Rfd8 19. b3 e5 20. Qg5 b5 21. Bd5 Ne7 22. Ne4 bxc4 23. bxc4 Nxd5 24. cxd5 Bb5 25. Rfe1 f5 26. Nf6+ Kf7 27. Nxh5 gxh5 28. Qxh5+ Kg8 29. Qxf5 Qf7 30. Qe4 Re8 31. Qb1 exd4 32. Nf4 Re3 33. Rxe3 dxe3 34. Ne6 Be2 35. Ng5 Bxd1 36. Qh7+ Kf8 37. Nxf7 Rc2+ 38. Kh3 e2 39. Qf5 e1Q 40. Ne5+ Kg8 41. Qf7+ Kh7 1/2-1/2

[Event "Steyr Landesliga 1718"]
[Site "Austria"]
[Date "2018.02.03"]
[Round "8.2"]
[White "Zechner, Gernot"]
[Black "Egger, Andreas"]
[Result "1-0"]
[WhiteElo "2251"]
[BlackElo "2079"]
[PlyCount "71"]
[EventDate "2017.09.30"]
[EventType "team-tourn"]
[EventRounds "11"]
[EventCountry "AUT"]
[SourceTitle "EXT 2019"]
[Source "ChessBase"]
[SourceDate "2018.10.10"]
[SourceVersion "1"]
[SourceVersionDate "2018.10.10"]
[SourceQuality "1"]
[WhiteTeam "Graz Austria"]
[BlackTeam "Spg ISR"]
[WhiteTeamCountry "AUT"]
[BlackTeamCountry "AUT"]

1. d4 Nf6 2. c4 e6 3. Nc3 d5 4. cxd5 exd5 5. Bg5 Be7 6. e3 0-0 7. Bd3 Re8 8. Qc2 Nbd7 9. Nge2 c6 10. 0-0 Nf8 11. f3 Nh5 12. Bxe7 Qxe7 13. e4 dxe4 14. fxe4 Be6 15. Rad1 Qg5 16. Kh1 Rad8 17. b4 Ng6 18. e5 Qh4 19. Ne4 Bd5 20. Nd6 Rf8 21. Bc4 Ngf4 22. Nxf4 Nxf4 23. Bxd5 Nxd5 24. Rf3 Qe7 25. Rh3 g6 26. Qd2 f6 27. Nc4 fxe5 28. Nxe5 Nxb4 29. Re3 Qd6 30. h3 Rf4 31. Nf3 Nd5 32. Re5 Rf7 33. Rde1 Rdf8 34. Qh6 Qf6 35. Ng5 Re7 36. Rxe7 1-0

[Event "Steyr Landesliga 1718"]
[Site "Austria"]
[Date "2017.11.11"]
[Round "4.2"]
[White "Dietmayer Kraeutler, Marco"]
[Black "Egger, Andreas"]
[Result "1-0"]
[WhiteElo "2272"]
[BlackElo "2079"]
[PlyCount "25"]
[EventDate "2017.09.30"]
[EventType "team-tourn"]
[EventRounds "11"]
[EventCountry "AUT"]
[SourceTitle "EXT 2019"]
[Source "ChessBase"]
[SourceDate "2018.10.10"]
[SourceVersion "1"]
[SourceVersionDate "2018.10.10"]
[SourceQuality "1"]
[WhiteTeam "Graz Schachgesellschaft"]
[BlackTeam "Spg ISR"]
[WhiteTeamCountry "AUT"]
[BlackTeamCountry "AUT"]

1. d4 Nf6 2. c4 d5 3. Nc3 Bf5 4. Qb3 dxc4 5. Qxb7 Nbd7 6. Qc6 Rb8 7. Nb5 Rxb5 8. Qxb5 Be6 9. f3 Qa8 10. e3 c6 11. Qa4 g6 12. Ne2 Bg7 13. Nf4 1-0

[Event "Steyr Landesliga 1516"]
[Site "Austria"]
[Date "2015.11.28"]
[Round "5.3"]
[White "Egger, Andreas"]
[Black "Kravanja, Georg"]
[Result "1-0"]
[WhiteElo "2111"]
[BlackElo "2204"]
[PlyCount "73"]
[EventDate "2015.09.26"]
[EventType "team-tourn"]
[EventRounds "11"]
[EventCountry "AUT"]
[SourceTitle "CBM 170 Extra"]
[Source "ChessBase"]
[SourceDate "2016.02.25"]
[SourceVersion "1"]
[SourceVersionDate "2016.02.25"]
[SourceQuality "1"]
[WhiteTeam "Spg ISR"]
[BlackTeam "Graz Schachfreunde"]
[WhiteTeamCountry "AUT"]
[BlackTeamCountry "AUT"]

1. c4 c6 2. d4 d5 3. Nc3 Nf6 4. Bf4 e6 5. c5 Be7 6. Nf3 0-0 7. e3 Nbd7 8. h3 Ne4 9. Nxe4 dxe4 10. Nd2 e5 11. Bxe5 Nxe5 12. dxe5 Bxc5 13. a3 Qd5 14. Qc2 Qxe5 15. Nxe4 Bb6 16. Rd1 Be6 17. Bd3 h6 18. 0-0 Rfd8 19. Kh1 Bd5 20. f4 Qe6 21. Rde1 Bb3 22. Qe2 Rxd3 23. Qxd3 Bc4 24. Qc2 Bxf1 25. Rxf1 Re8 26. Ng3 Qxe3 27. Kh2 Bc7 28. Qf5 Qe6 29. Qh5 Qf6 30. Qg4 Qe6 31. Qh5 Qg6 32. Qf3 Rd8 33. Ne4 Rd4 34. Re1 f5 35. Qb3+ Qf7 36. Ng5 Bxf4+ 37. Kg1 1-0

[Event "AUT-ch Eisenbahner"]
[Site "Wels"]
[Date "2009.05.23"]
[Round "3.2"]
[White "Martic, Mato"]
[Black "Egger, Andreas"]
[Result "1-0"]
[WhiteElo "1871"]
[BlackElo "2116"]
[PlyCount "91"]
[EventDate "2009.05.21"]
[EventType "swiss"]
[EventRounds "3"]
[EventCountry "AUT"]
[SourceTitle "EXT 2024"]
[Source "ChessBase"]
[SourceDate "2023.10.10"]
[SourceVersion "1"]
[SourceVersionDate "2023.10.10"]
[SourceQuality "1"]

1. e4 e6 2. d4 d5 3. Nc3 Nf6 4. e5 Nfd7 5. f4 c5 6. Nf3 Nc6 7. Be3 Qb6 8. Na4 Qa5+ 9. c3 cxd4 10. b4 Qc7 11. Bxd4 Nxd4 12. Nxd4 a6 13. Rc1 b5 14. Nb2 Nb6 15. Be2 f6 16. 0-0 Be7 17. Bh5+ g6 18. Bg4 f5 19. Be2 Bd7 20. a3 0-0 21. g4 fxg4 22. Bxg4 Qc8 23. Qd3 Rf7 24. Qh3 Rf5 25. Bxf5 exf5 26. Rfe1 Qc7 27. Qe3 Bc8 28. h3 Bb7 29. Kh2 h6 30. Rg1 Kh7 31. Qg3 Rg8 32. Nxf5 Bf8 33. Nd4 Qf7 34. f5 g5 35. Qd3 Qc7 36. Rce1 Bc8 37. Kh1 Nc4 38. Nxc4 dxc4 39. Qe3 Bb7+ 40. Kh2 Be7 41. Qg3 Bd5 42. f6 Bd8 43. Rgf1 Qb7 44. Kg1 Bb6 45. Qg4 Kh8 46. e6 1-0